=LDR 00000nam 2200000 4500 =001 INLIS000000000009698 =005 20130612101501 =008 ***********************************Ind** =035 ##$$0010-061300000009698 =041 ##$$a Ind =082 ##$$a 242 =090 ##$$a 242, BUd r =100 ##$$a Budiwijaya, Pius =245 ##$$a Renungan Kecik, Budieijaya, Pius =260 ##$$a 1994 $b Yogyakarta =300 ##$$a 108 hlm, 21 cm =650 ##$$a Do'a - Kristen =850 ##$$a NBPNMAT